Corporate social responsibility : readings and cases in a global context / (Record no. 3107)

000 -LEADER
fixed length control field 01162cam a2200337 a 4500
001 - CONTROL NUMBER
control field 17490256
003 - CONTROL NUMBER IDENTIFIER
control field OSt
005 - DATE AND TIME OF LATEST TRANSACTION
control field 20160901160250.0
008 - FIXED-LENGTH DATA ELEMENTS--GENERAL INFORMATION
fixed length control field 121011s2014 enka b 001 0 eng
010 ## - LIBRARY OF CONGRESS CONTROL NUMBER
LC control number 2012040250
020 ## - INTERNATIONAL STANDARD BOOK NUMBER
International Standard Book Number 9780415683258 (hbk.)
020 ## - INTERNATIONAL STANDARD BOOK NUMBER
International Standard Book Number 9780415683258 (pbk.)
040 ## - CATALOGING SOURCE
Original cataloging agency DLC
Transcribing agency DLC
Modifying agency DLC
042 ## - AUTHENTICATION CODE
Authentication code pcc
050 00 - LIBRARY OF CONGRESS CALL NUMBER
Classification number HD60.C6915 2014
082 00 - DEWEY DECIMAL CLASSIFICATION NUMBER
Classification number 658.4/08
Edition number 23
100 ## - MAIN ENTRY--PERSONAL NAME
Personal name Crane, Andrew
245 00 - TITLE STATEMENT
Title Corporate social responsibility : readings and cases in a global context /
Statement of responsibility, etc edited by Andrew Crane, Dirk Matten and Laura J. Spence.
250 ## - EDITION STATEMENT
Edition statement 2nd ed.
260 ## - PUBLICATION, DISTRIBUTION, ETC. (IMPRINT)
Place of publication, distribution, etc London ;
-- New York, NY :
Name of publisher, distributor, etc Routledge,
Date of publication, distribution, etc 2014.
300 ## - PHYSICAL DESCRIPTION
Extent xv, 596 p :
Other physical details ill. ;
Dimensions 25 cm.
504 ## - BIBLIOGRAPHY, ETC. NOTE
Bibliography, etc Includes bibliographical references and indexes.
650 #0 - SUBJECT ADDED ENTRY--TOPICAL TERM
Topical term or geographic name as entry element Social responsibility of business.
650 #0 - SUBJECT ADDED ENTRY--TOPICAL TERM
Topical term or geographic name as entry element Business ethics.
700 1# - ADDED ENTRY--PERSONAL NAME
Personal name Crane, Andrew,
Dates associated with a name 1968-
700 1# - ADDED ENTRY--PERSONAL NAME
Personal name Matten, Dirk.
700 1# - ADDED ENTRY--PERSONAL NAME
Personal name Spence, Laura J.,
Dates associated with a name 1968-
906 ## - LOCAL DATA ELEMENT F, LDF (RLIN)
a 7
b cbc
c orignew
d 1
e ecip
f 20
g y-gencatlg
942 ## - ADDED ENTRY ELEMENTS (KOHA)
Source of classification or shelving scheme
Koha item type Book
Holdings
Withdrawn status Lost status Source of classification or shelving scheme Damaged status Not for loan Home library Current library Shelving location Date acquired Total Checkouts Full call number Barcode Date last seen Date checked out Copy number Price effective from Koha item type
          Riara University Library Riara University Library General stack 01/09/2016 6 HD60.C6915 2014 8326/16 21/08/2024 30/07/2024 C.1 01/09/2016 Book

Riara University Library,
P.O. Box 49940-00100,
Nairobi, Kenya.